00465nam a22001217a 450000500170000000800410001704100080005808200080006610000580007424501390013226000510027130000210032220260129132606.0260122b |||||||| |||| 00| 0 eng d aeng bABH aAbhyankar Riya -2k241001 & Dr. Sonali Parchure- Guide aA Comprehensive Study of Core Banking Operations and Creditworthiness Assessment in Loan Processing at Janata Sahakari Bank LTD., Pune aPunebSavitribai Phule Pune University c2025 a107pbHard Bound